00571 2200169 4500001002100000008004100021035002000062245013100082100003000213260005300243300002300296020002200319084001400341082000800355650002400363990001400387INLIS000000000000167 ind  a0010-0525000148 aKajian Konsep Fisika untuk Kelas XII SMA dan MAcMuhammad Farchani Rosyid; Eko Firmansah; Rachmad Resmiyanto; Atsnaita Yasrina aRosyid, Muhammad Farchani aSolo :bPT. Tiga Serangkai Pustaka Mandiric2022 a334 hlm.c25.5 cm. a978-602-320-917-0 a530 ROS k a530 aPendidikan - Fisika a000000177